Normal view MARC view
  • Children

Entry Topical Term

Number of records used in: 1

001 - CONTROL NUMBER

  • control field: 128725

003 - CONTROL NUMBER IDENTIFIER

  • control field: NUST

005 - DATE AND TIME OF LATEST TRANSACTION

  • control field: 20250416155248.0

008 - FIXED-LENGTH DATA ELEMENTS

  • fixed length control field: 250416|| aca||aabn | a|a d

040 ## - CATALOGING SOURCE

  • Original cataloging agency: NUST
  • Transcribing agency: NUST

150 ## - HEADING--TOPICAL TERM

  • Topical term or geographic name entry element: Children
  • General subdivision: Legal status, laws, etc.
  • Geographic subdivision: Great Britain

670 ## - SOURCE DATA FOUND

  • Source citation: Work cat.: (NUST)0: Bainham, Andrew, author. 128724, Children, the modern law /
© 2023 Central Library, National University of Sciences and Technology. All Rights Reserved.